LEADER 01816cam1-2200541---450- 001 990000027120203316 005 20120120143750.0 035 $a0002712 035 $aUSA010002712 035 $a(ALEPH)000002712USA01 035 $a0002712 100 $a20000914f---0---9km-y0itay50------ba 101 0 $amul$alat 102 $aCH 105 $a||||||||001yy 200 1 $aChartae latinae antiquiores$efacsimile-edition of the Latin charters prior to the ninth century$fedited by Albert Bruckner and Robert Marichal$g[poi] edited by Guglielmo Cavallo, Giovanna Nicolaj 210 $aOlten [etc.]$a[poi] Dietikon [etc.]$cUrs Graf 215 $avolumi$d45 cm 300 $aDal volume 50 il sottotitolo varia in: 2nd series, ninth century 606 0 $aPaleografia latina$2BNCF 676 $a471.1 702 1$aBRUCKNER,$bAlbert 702 1$aMARICHAL,$bRobert 702 1$aCAVALLO,$bGuglielmo 702 1$aNICOLAJ,$bGiovanna 801 0$aIT$bsalbc$gISBD 912 $a990000027120203316 951 $aV.3.F. 20/(VIII A 967/ )$bL.M.$cV.3. 959 $aBK 969 $aUMA 979 $c20000914$lUSA01$h1713 979 $c20001019$lUSA01$h1053 979 $c20001019$lUSA01$h1451 979 $c20001019$lUSA01$h1458 979 $c20001019$lUSA01$h1536 979 $c20001024$lUSA01$h1512 979 $c20001027$lUSA01$h1517 979 $c20001027$lUSA01$h1521 979 $c20001110$lUSA01$h1708 979 $c20001124$lUSA01$h1205 979 $aPATTY$b90$c20010614$lUSA01$h1635 979 $aPATTY$b90$c20010614$lUSA01$h1641 979 $c20020403$lUSA01$h1610 979 $aPATRY$b90$c20040406$lUSA01$h1603 979 $aPATRY$b90$c20070831$lUSA01$h1342 979 $aANNAMARIA$b90$c20120120$lUSA01$h0914 979 $aANNAMARIA$b90$c20120120$lUSA01$h1437 997 $aUNISA LEADER 02426nam 2200517 450 001 9910797619803321 005 20230126213518.0 010 $a3-95425-461-1 035 $a(CKB)3710000000486555 035 $a(EBL)4340726 035 $a(MiAaPQ)EBC4340726 035 $a(Au-PeEL)EBL4340726 035 $a(CaPaEBR)ebr11157170 035 $a(OCoLC)941697698 035 $a(EXLCZ)993710000000486555 100 $a20160310h20152015 uy 0 101 0 $ager 135 $aur|n|---||||| 181 $2rdacontent 182 $2rdamedia 183 $2rdacarrier 200 10$aSoziale Kompetenzen $eErkla?rung, Entwicklung und Messung /$fRobert Hupfer, Katharina Jagschitz 210 1$aHamburg, [Germany] :$cdisserta Verlag,$d2015. 210 4$dİ2015 215 $a1 online resource (205 p.) 300 $aDescription based upon print version of record. 311 $a3-95425-460-3 320 $aIncludes bibliographical references. 327 $aSoziale Kompetenzen Erkla?rung, Entwicklung und Messung; Inhaltsverzeichnis; Abbildungsverzeichnis; Tabellenverzeichnis; Abku?rzungsverzeichnis; 1. Problemstellung; 1.1. Bedeutung von sozialen Kompetenzen; 1.2. Zielsetzungen der Arbeit; 1.3. Aufbau der Arbeit; 2. Soziale Kompetenz; 2.1. Einordnung und Definition des Begriffs; 2.2. Ausgewa?hlte Kategorien sozialer Kompetenz; 2.3. Entwicklung sozialer Kompetenz; 2.4. Messung und Diagnose sozialer Kompetenz; 2.5. Soziale Kompetenz an der Universita?t; 3. Empirische Analyse; 3.1. Zielsetzung der Analyse 327 $a3.2. Untersuchungsdesign und Methode3.3. Umgebung; 3.4. Qualitative Analyse; 3.5. Quantitative Analyse; 4. Zusammenfassung und Diskussion der Ergebnisse; 4.1. Theoretischer Bezug; 4.2. Erhebung; 4.3. Wesentliche Ergebnisse der Erhebungen; 4.4. Grenzen der Erhebungen; 5. Literaturverzeichnis; Anhang 606 $aSocial interaction$xStudy and teaching 606 $aInterpersonal relations 606 $aSocial skills$xStudy and teaching 615 0$aSocial interaction$xStudy and teaching. 615 0$aInterpersonal relations. 615 0$aSocial skills$xStudy and teaching. 676 $a302.14071 700 $aHupfer$b Robert$01499742 702 $aJagschitz$b Katharina 801 0$bMiAaPQ 801 1$bMiAaPQ 801 2$bMiAaPQ 906 $aBOOK 912 $a9910797619803321 996 $aSoziale Kompetenzen$93726058 997 $aUNINA